| 000 | 00801nam a2200205 a 4500 | ||
|---|---|---|---|
| 003 | 0 | ||
| 005 | 20250410102458.0 | ||
| 008 | 090804s19uu xx 00 eng d | ||
| 050 |
_aPHS SB 951.P6 _b.A28 2007 |
||
| 100 | _aAcuña, Joelle Ann. | ||
| 245 |
_aThe effect of calamansi (Citrofortunella microcarpa) extract on the mortality of golden apple snails (Pomacea canaliculata) / _cJoelle Ann Acuña. |
||
| 260 |
_aLas Piñas City, Philippines : _bSouthville International School and Colleges, _c2007. |
||
| 300 |
_a26 pages ; _c28 cm. |
||
| 504 | _aIncludes bibliographical references. | ||
| 650 | _aPomacea canaliculata (Golden apple snails). | ||
| 650 | _aCitrofortunella microcarpa (Calamansi). | ||
| 650 |
_aSnails _xMortality. |
||
| 650 |
_aCalamansi _xEffect on snails. |
||
| 942 |
_2lcc _cPASS |
||
| 999 |
_c97786 _d97786 |
||